Dopady nehody vo Fukušime na hospodárstvo Japonska diplomová práca

Uložené v:
Podrobná bibliografia
Hlavný autor: Masárová, Adriána
Korporativný autor: Fakulta medzinárodných vzťahov EU. Katedra medzinárodných ekonomických vzťahov a hospodárskej diplomacie
Ďalší autori: Černota, Mikuláš, 1979-
Médium: Kniha
Jazyk:Slovak
Vydavateľské údaje: Bratislava 2017
Tagy: Pridať tag
Žiadne tagy, Buďte prvý, kto otaguje tento záznam!

MARC

LEADER 00000nbm a2200000 4500
001 0231992
005 20180220154919.2
041 0 |a slo 
044 |a SK 
245 1 0 |a Dopady nehody vo Fukušime na hospodárstvo Japonska  |b diplomová práca  |c Adriána Masárová ; školiteľ: Mikuláš Černota 
264 1 |a Bratislava  |c 2017 
300 |a 82 s. 
100 1 |a Masárová, Adriána 
700 1 |a Černota, Mikuláš, 1979- 
710 2 |a Fakulta medzinárodných vzťahov EU. Katedra medzinárodných ekonomických vzťahov a hospodárskej diplomacie